LEADER 00787nam a2200205 4500 001 000000357619 003 CaOOAMICUS 005 20240318155348.0 008 240318s1997 it a 000 u ita r 040 $aSeMil$bita 245 00$aChiesa della Madonna della Croce, Viggiù. 264 1$a[S.l. :$bs.n.],$c1997. 300 $a24 p. :$bill. ;$c30x17 cm 650 4$aViggiù - Chiese - Madonna della Croce.$0(OLS)http://semarc/subject/54324 850 $aSeMil 852 $aSeMil$W1$xVenegono$y1$m3P V 581$j247117$B248797$CSeMilBibl$Z2$F248797 $81 961 $aPagani don Isacco - Omaggio 996 $6245$aChiesa della Madonna della Croce, Viggiù$9(OLS)http://semarc/title/447880 996 $6264$a[S.l. :$bs.n.]$9(OLS)http://semarc/publisher/29751 LEADER 00955nam a2200217 i 4500 001 000000199587 003 CaOOAMICUS 005 20110325000000.0 008 110325s2005 it u000 u ita u 013 $a178279 040 $aSeMil$bita 100 1 $aMarcucci, Maria Maddalena .$0(OLS)http://semarc/name/72216 240 13$aLa santidad es amor. Obras espirituales completas.$0(OLS)http://semarc/title/288569 245 13$aLa santità è amore /$cMaria Maddalena Marcucci. 260 $aLucca :$bCasa Madre Sorelle di S. Gemma,$ccopyr. 2005. 300 $a630 p. :$bill. ;$c21 cm. 650 4$aMarcucci, Maria Maddalena .$0(OLS)http://semarc/subject/37486 850 $aSeMil 852 $aSeMil$W1$xVenegono$y1$m1322 2 *$j150135$B150135$CSeMilBibl$Z2$F161487 $81 996 $6245$aLa santità è amore$9(OLS)http://semarc/title/288568 996 $6260$aLucca :$bCasa Madre Sorelle di S. Gemma$9(OLS)http://semarc/publisher/43562